Normal view
MARC view
- الإدارة المحلية -- قوانين وتشريعات -- الأردن -- الإدارة المحلية -- قوانين وتشريعات -- بريطانيا
Entry Topical Term
001 - CONTROL NUMBER
- control field: 25775
003 - CONTROL NUMBER IDENTIFIER
- control field: JO-AjAnu
005 - DATE AND TIME OF LATEST TRANSACTION
- control field: 20230606074411.0
008 - FIXED-LENGTH DATA ELEMENTS
- fixed length control field: 230606|| aca||aabn | a|a d
040 ## - CATALOGING SOURCE
- Original cataloging agency: JO-AjAnu
- Transcribing agency: JO-AjAnu
150 ## - HEADING--TOPICAL TERM
- Topical term or geographic name entry element: الإدارة المحلية -- قوانين وتشريعات -- الأردن -- الإدارة المحلية -- قوانين وتشريعات -- بريطانيا
670 ## - SOURCE DATA FOUND
- Source citation: Work cat.: (JO-AjAnu)13252: الطهراوي، هاني علي, author 25774, قانون الإدارة المحلية : الحكم المحلي في الأردن وبريطانيا مع دراسة لأحدث التعديلات المتعلقة بهيكلة السلطات المحلية في النظامين